[Event "Olympiad-42"]
[Site "Baku"]
[Date "2016.09.06"]
[Round "5.2"]
[White "Mfune, Petros"]
[Black "Kett, Timothy"]
[Result "1/2-1/2"]
[WhiteElo "1993"]
[BlackElo "2227"]
[PlyCount "84"]
[EventDate "2016.09.02"]
[EventType "team-swiss"]
[EventRounds "11"]
[EventCountry "AZE"]
[SourceTitle "CBM 175"]
[Source "ChessBase"]
[SourceDate "2016.11.10"]
[SourceVersion "1"]
[SourceVersionDate "2016.11.10"]
[SourceQuality "1"]
[WhiteTeam "Malawi"]
[BlackTeam "Wales"]
[WhiteTeamCountry "MWI"]
[BlackTeamCountry "WLS"]

1. e4 c5 2. Nf3 Nc6 3. d4 cxd4 4. Nxd4 Nf6 5. Nc3 e5 6. Ndb5 d6 7. Bd3 a6 8. Na3 Be7 9. 0-0 0-0 10. Nc4 Be6 11. Ne3 Rc8 12. Ncd5 Bxd5 13. Nxd5 Nxd5 14. exd5 Nb8 15. f4 Nd7 16. Bf5 g6 17. Bxd7 Qxd7 18. Qd3 Qb5 19. Qxb5 axb5 20. c3 Rc5 21. Rd1 Bf6 22. a4 b4 23. cxb4 Rc4 24. b3 Rxb4 25. Ba3 Rb6 26. a5 Ra6 27. Bb2 Kg7 28. fxe5 Bxe5 29. Bxe5+ dxe5 30. d6 Kf6 31. Rac1 Rxa5 32. Rc7 Rb5 33. Re7 e4 34. Rxe4 Re5 35. Rb4 b5 36. d7 Rd8 37. Rbd4 Ke6 38. b4 f5 39. Kf2 g5 40. Rd6+ Kf7 41. Rh6 Kg7 42. Rc6 Kf7 1/2-1/2